000 00545nam a22001577a 4500
003 NUST
038 _aNusrat Nadeem
082 _a200
100 _aAyaz, Khushboo
_9130627
245 _aImpact Evaluation of Drawback of Local Taxes and Levies (DLTL), Export Facilitation Scheme: Evidence from Pakistan/
_cKhushboo Ayaz,
264 _aIslamabad:
_bS3H NUST.
_c2025.
650 _aMS- Economics
_9123068
700 _aSupervisor: Dr. Iftikhar Hussain
_9130628
856 _uhttp://10.250.8.41:8080/xmlui/handle/123456789/54840
942 _2ddc
_cSC
999 _c614809
_d614809